<?xml version="1.0" encoding="UTF-8"?>
<record
    xmlns:xsi="http://www.w3.org/2001/XMLSchema-instance"
    xsi:schemaLocation="http://www.loc.gov/MARC21/slim http://www.loc.gov/standards/marcxml/schema/MARC21slim.xsd"
    xmlns="http://www.loc.gov/MARC21/slim">

  <leader>02626cam a22003735a 4500</leader>
  <controlfield tag="001">016072674</controlfield>
  <controlfield tag="003">OSt</controlfield>
  <controlfield tag="005">20160802100519.0</controlfield>
  <controlfield tag="008">120312s2014    enka   frb    001 0 eng d</controlfield>
  <datafield tag="010" ind1=" " ind2=" ">
    <subfield code="a">2012010535  </subfield>
  </datafield>
  <datafield tag="015" ind1=" " ind2=" ">
    <subfield code="a">GBB240263</subfield>
    <subfield code="2">bnb</subfield>
  </datafield>
  <datafield tag="016" ind1="7" ind2=" ">
    <subfield code="a">016072674</subfield>
    <subfield code="2">Uk</subfield>
  </datafield>
  <datafield tag="020" ind1=" " ind2=" ">
    <subfield code="a">1107416884</subfield>
  </datafield>
  <datafield tag="020" ind1=" " ind2=" ">
    <subfield code="a">9781107416888</subfield>
  </datafield>
  <datafield tag="040" ind1=" " ind2=" ">
    <subfield code="a">StDuBDS</subfield>
    <subfield code="b">eng</subfield>
    <subfield code="c">StDuBDS</subfield>
    <subfield code="d">EG-ScBUE </subfield>
  </datafield>
  <datafield tag="042" ind1=" " ind2=" ">
    <subfield code="a">ukblsr</subfield>
  </datafield>
  <datafield tag="082" ind1="0" ind2="4">
    <subfield code="2">22</subfield>
    <subfield code="a">340.2</subfield>
    <subfield code="b">PRA</subfield>
  </datafield>
  <datafield tag="245" ind1="0" ind2="0">
    <subfield code="a">Practice and theory in comparative law /</subfield>
    <subfield code="c">edited by Maurice Adams and Jacco Bomhoff.</subfield>
  </datafield>
  <datafield tag="260" ind1=" " ind2=" ">
    <subfield code="a">Cambridge ;</subfield>
    <subfield code="a">New York :</subfield>
    <subfield code="b">Cambridge University Press,</subfield>
    <subfield code="c">2014.</subfield>
  </datafield>
  <datafield tag="300" ind1=" " ind2=" ">
    <subfield code="a">ix, 342 p. :</subfield>
    <subfield code="b">ill. ;</subfield>
    <subfield code="c">24 cm.</subfield>
  </datafield>
  <datafield tag="500" ind1=" " ind2=" ">
    <subfield code="a">Originally published in 2012.</subfield>
  </datafield>
  <datafield tag="500" ind1=" " ind2=" ">
    <subfield code="a">Index : p. 327-342.</subfield>
  </datafield>
  <datafield tag="504" ind1=" " ind2=" ">
    <subfield code="a">Includes bibliographical references.</subfield>
  </datafield>
  <datafield tag="505" ind1=" " ind2=" ">
    <subfield code="a">Comparing law : practice and theory / Maurice Adams and Jacco Bomhoff -- Reflections on comparative law methodology : getting inside contract law / Catherine Valcke -- Reasoning with previous decisions / Jan Kom&#xE1;rek -- Comparing legal argument / Jacco Bomhoff -- In search of system neutrality : methodological issues in the drafting of European contract law rules / Gerhard Dannemann -- Comparative law and global regulatory convergence : the example of competition law / David J. Gerber -- Reflections on comparative method in European constitutional law / Monica Claes and Maartje de Visser --
Rethinking methods in European private law / Jan M. Smits --
Transnational comparisons : theory and practice of comparative law as a critique of global governance / Peer Zumbansen --
Comparative constitutional compliance : notes towards a research agenda / Frederick Schauer -- Quantitative methods for comparative constitutional law / Anne Meuwese and Mila Versteeg -- Comparisons in private patrimonial law : towards a bottom-up approach using (cross-cultural) behavioural economics / Julie de Coninck -- Against "comparative method" : explaining similarities and differences / Maurice Adams and John Griffiths -- Comparative law as an act of modesty : a pragmatic and realistic approach to comparative legal scholarship / Koen Lemmens.</subfield>
  </datafield>
  <datafield tag="520" ind1=" " ind2=" ">
    <subfield code="a">A collection of essays exploring the gap between theory and practice in comparative legal studies.
</subfield>
  </datafield>
  <datafield tag="650" ind1=" " ind2="7">
    <subfield code="a">Comparative law</subfield>
    <subfield code="2">BUEsh</subfield>
    <subfield code="9">40384</subfield>
  </datafield>
  <datafield tag="651" ind1=" " ind2=" ">
    <subfield code="2">BUEsh</subfield>
  </datafield>
  <datafield tag="653" ind1=" " ind2=" ">
    <subfield code="b">LLAAWW</subfield>
    <subfield code="c">August 2016	</subfield>
  </datafield>
  <datafield tag="700" ind1="1" ind2=" ">
    <subfield code="a">Adams, Maurice,&#x200F;</subfield>
    <subfield code="d">1964-&#x200F; </subfield>
    <subfield code="e">editor.</subfield>
    <subfield code="9">40611</subfield>
  </datafield>
  <datafield tag="700" ind1="1" ind2=" ">
    <subfield code="a">Bomhoff, J.&#x200F; &#x200E;</subfield>
    <subfield code="e">editor.</subfield>
    <subfield code="q">(Jacco)&#x200F; </subfield>
    <subfield code="9">40612</subfield>
  </datafield>
  <datafield tag="942" ind1=" " ind2=" ">
    <subfield code="2">ddc</subfield>
    <subfield code="e">22</subfield>
    <subfield code="k">340.2 PRA</subfield>
  </datafield>
  <datafield tag="999" ind1=" " ind2=" ">
    <subfield code="c">22096</subfield>
    <subfield code="d">22068</subfield>
  </datafield>
  <datafield tag="952" ind1=" " ind2=" ">
    <subfield code="0">0</subfield>
    <subfield code="1">0</subfield>
    <subfield code="2">ddc</subfield>
    <subfield code="4">0</subfield>
    <subfield code="7">0</subfield>
    <subfield code="8">Baccah</subfield>
    <subfield code="a">MAIN</subfield>
    <subfield code="b">MAIN</subfield>
    <subfield code="c">1ST</subfield>
    <subfield code="d">2016-08-02</subfield>
    <subfield code="e">Purchase</subfield>
    <subfield code="g">364.00</subfield>
    <subfield code="h">26080</subfield>
    <subfield code="l">1</subfield>
    <subfield code="o">340.2 PRA</subfield>
    <subfield code="p">000033051</subfield>
    <subfield code="r">2025-07-15 00:00:00</subfield>
    <subfield code="s">2016-08-02</subfield>
    <subfield code="v">455.00</subfield>
    <subfield code="y">BB</subfield>
  </datafield>
</record>
